Chov hydiny (vybrané kapitoly)

Bibliographic Details
Main Authors: Weis, Ján, 1952- (Author), Halaj, Martin, 1933- (Author), Chmelničná, Ľudmila, 1943- (Author), Kopecký, Ján, 1953- (Author)
Format: Book
Language:Slovak
PhysicalDescription:187 s. sch., tab. 29 cm
Published: Nitra Slovenská poľnohospodárska univerzita 2002
ISBN:8080690502
Edition:2. nezm. vyd.
Subjects:

MARC

LEADER 00000cam a2200000 a 4500
001 vtls001450185
003 SK-MaSNL
005 20260301073107.0
008 240226s2002 xo fr 000 0 slo
015 |a SNBA2003/11-04463 
020 |a 8080690502 
035 |a SNK000405475 
035 |a urn:nbn:sk:snk-amyf0a 
035 |a urn:nbn:sk:snk-am00chv4 
035 |a 1432B58B-CC4B-4C21-865D-23AD9F7844DE 
040 |a SNK  |b slo  |c SNK  |e AACR2 
041 0 |a slo 
044 |a xo  |c SK 
080 |a 636.5.08(075.8)  |2 1997 
080 |a 636.5.08  |2 1997 
080 |a (075.8)  |2 1997 
245 0 0 |a Chov hydiny  |b (vybrané kapitoly)  |c J. Weis... [et al.] 
250 |a 2. nezm. vyd. 
260 |a Nitra  |b Slovenská poľnohospodárska univerzita  |c 2002 
300 |a 187 s.  |b sch., tab.  |c 29 cm 
366 |e 500 výtl. 
504 |a Bibliogr. na s. 187 
650 0 7 |a hydina  |2 SNKPH  |9 2747 
650 0 7 |a chov hydiny  |2 SNKPH  |9 31414 
655 7 |a učebnice vysokých škôl  |2 SNKPH  |9 70191 
700 1 |a Weis, Ján,  |d 1952-  |4 aut  |9 209479 
700 1 |a Halaj, Martin,  |d 1933-  |4 aut  |9 210166 
700 1 |a Chmelničná, Ľudmila,  |d 1943-  |4 aut  |9 108339 
700 1 |a Kopecký, Ján,  |d 1953-  |4 aut  |9 5210 
919 |a 80-8069-050-2 
958 |a NB 
958 |a OND 
968 |d 63 
999 |c 643111  |d 645041 
952 |t P60, <03>, [BOOK], {603}  |a SNK  |b SNK  |y PREZ  |7 0  |p 17A0375926  |o snkSB 66385  |i snkKSP 2912/2003  |0 0  |1 0  |4 0  |d 2003-02-26  |f 1  |l 0  |r 2025-04-17 00:00:00  |w 2026-02-23 
952 |t P60, <04>, [BOOK], {604}  |a SNK  |b SNK  |y VYP  |7 0  |p 17A0375927  |o snkSB 66385 D1  |i snkKSP 2913/2003  |0 0  |1 0  |4 0  |d 2003-02-26  |l 0  |r 2005-01-02 00:00:00  |w 2026-02-23